000 01395nam a2200457 i 4500
001 56231
003 KOSZ 005
005 20201210131537.0
008 080609s2008 pl a f f |001 0 pol
015 _aUWD 2008/15871
020 _a9788324612635
035 _a991042457939705066
035 _a(PL-WaBN)b21396759-48omnis_nlop
035 _ab21396759
035 _a(OCoLC)749635139
035 _a(PL)b0000002139675
035 _a(EXLNZ-48OMNIS_NETWORK)9910407226605606
040 _aWA N
_cWA N
_dKOSZ 005/HR
046 _k2008
080 _a004.42
080 _a004.438
080 _a(07)
100 1 _aGrzyb, Janusz
_c(informatyk)
_eAutor
245 1 0 _aJ2ME :
_btworzenie gier /
_cJanusz Grzyb.
260 _aGliwice :
_bWydawnictwo Helion,
_ccop. 2008.
300 _a266 s. :
_bil. ;
_c24 cm.
336 _aTekst
_btxt
_2rdacontent
337 _aBez urządzenia pośredniczącego
_bn
_2rdamedia
338 _aWolumin
_bnc
_2rdacarrier
380 _aKsiążki
388 _a2001-
504 _aIndeks.
650 7 _aJ2ME
_2DBN
650 7 _aGry komputerowe
655 7 _aPodręcznik
_2DBN
658 _aInformatyka i technologie informacyjne
710 2 _aHelion
_4pbl
856 _uhttp://koha.tu.koszalin.pl/cgi-bin/koha/opac-detail.pl?biblionumber=56231
_yKatalog online BPK
942 _2UKD
_cKS
999 _c56231
_d56231